Europäische Geschichte nach Buchstaben - O - Statistiken

Allgemein
  • Dieses Quiz wurde 70 mal gespielt
  • Das Durchschnittsergebnis liegt bei 10 aus 20
Antwortstatistiken
Hinwei Antwort % Korrekt
Dieses Reich eroberte 1453 Konstantinopel und kontrollierte bis ins 19. Jahrhundert weite Teile des Balkans Osmanisches Reich
98%
Dieses Land wurde 1938 an das nationalsozialistische Deutschland angeschlossen Österreich
95%
Dieser deutsche König gilt als erster Kaiser des Heiligen Römischen Reiches und besiegte die Ungarn auf dem Lechfeld Otto I
92%
Bei diesem Putsch 1917 kamen die Bolschewiki in Russland an die Macht und gründeten später die Sowjetunion Oktoberrevolution
73%
Französische Stadt an der Loire, dessen englische Belagerung durch Jeanne d’Arc abgewehrt wurde und Namen eines Adelsgeschlechts, dass durch Louis-Philippe 1830 in Frankreich an die Macht kam Orleans
73%
In dieser Stadt wurde neben Münster der Westfälische Frieden verhandelt Osnabrück
66%
Diese Stadt hieß von 1815 bis 1925 Christiania, bzw. Kristiania Oslo
65%
Homerscher Epos, bei dem der König von Ithaka nach dem Trojanischen Krieg versucht nach Hause zu gelangen Odyssee
60%
Name des ersten römischen Kaisers, der allgemein unter seinem Titel Augustus bekannt ist Octavian
52%
Alternative Bezeichnung für das Byzantinische Reich Oströmisches Reich
52%
Germanenstamm, welcher unter ihrem König Theoderich Italien erobern konnte Ostgoten
50%
Bedeutender antiker römischer Schriftsteller, der die Metamorphosen verfasste Ovid
44%
Als Heilige verehrte Fürstin der Kiewer Rus, die die Drewlanen unterwarf und die Christianisierung förderte Olga von Kiew
39%
Diese Stadt war in der Antike der Hafen Roms Ostia
39%
König Norwegens von 1015 bis 1028, der als Heiliger verehrt wird und dem in Skandinavien viele Kirchen gewidmet sind Olav II. Haraldsson
34%
Aufstand gegen die britische Herrschaft in Irland 1916 Osteraufstand
21%
Nach dem Vertrag von Verdun entstandenes Königreich, aus dem sich das Heilige Römische Reich entwickelte Ostfrankenreich
18%
Bedeutender Philosoph der mittelalterlichen Spätscholastik und des Nominalismus, bekannt durch sein "Rasiermesser", nach der die These mit den wenigsten benötigten Annahmen vorzuziehen ist Wilhelm von Ockham
18%
Codename der alliierten Landung in der Normandie während des Zweiten Weltkrieges Operation Overlord
16%
Dieser römisch-germanische Offizier setzte den letzten weströmischen Kaiser Romulus Augustus ab und herrschte anschließend als König über Italiens Odoaker
13%
Keine übereinstimmenden Quizze gefunden
Verteilung der Resultate
Anzahl Personen mit jedem Resultat
Perzentil nach korrekt beantworteten Fragen
Ihre Resultats-Entwicklung
Sie haben dieses Quiz noch nicht gespielt